| 000 | 00441nam a2200169Ia 4500 | ||
|---|---|---|---|
| 003 | OSt | ||
| 005 | 20260311100716.0 | ||
| 008 | 211028s2013 xx 000 0 und d | ||
| 040 | _cAIMIT LIBRARY | ||
| 041 | _aeng | ||
| 100 |
_aSanoop, P; Lasrado, Suman Antony. _g101735 _93833 |
||
| 110 |
_aAravind Prabhu _93834 |
||
| 245 | _aFeed reader / | ||
| 260 |
_aKannur _c2013 |
||
| 710 |
_aJDA Software India Pvt. Ltd. _93835 |
||
| 942 |
_2ddc _cPRO |
||
| 999 |
_c217366 _d217366 |
||